Measuring quality in planning (Record no. 104173)

MARC details
000 -LEADER
fixed length control field 01311cam a2200217 4500
001 - CONTROL NUMBER
control field L129396
008 - FIXED-LENGTH DATA ELEMENTS--GENERAL INFORMATION
fixed length control field 050415n2004 000 0 eng u
020 ## - INTERNATIONAL STANDARD BOOK NUMBER
International Standard Book Number 0415315247
035 ## - SYSTEM CONTROL NUMBER
System control number (Sirsi) u129396
041 ## - LANGUAGE CODE
Language code of text/sound track or separate title eng
050 ## - LIBRARY OF CONGRESS CALL NUMBER
Classification number 711.1
-- 18
100 ## - MAIN ENTRY--PERSONAL NAME
Personal name Carmona, Matthew
245 ## - TITLE STATEMENT
Title Measuring quality in planning
Remainder of title managing the performance process
260 ## - PUBLICATION, DISTRIBUTION, ETC.
Place of publication, distribution, etc. Abingdon
Name of publisher, distributor, etc. Spon Press
Date of publication, distribution, etc. 2004
300 ## - PHYSICAL DESCRIPTION
Extent xii, 396p.
Dimensions 25cm.
350 ## - PRICE (NR) (BK AM CF MU VM SE) [OBSOLETE]
Price 37.50
520 ## - SUMMARY, ETC.
Summary, etc. Sets out to address the complexities of performance or quality measurement in planning and in the public sector at large and to cut through the tangled web of thinking on the subject. Part 1 of the book covers planning for quality examining the research on which the book is based, local government management, the building blocks of performance measurement and the history of planning performance in England. Part 2 focuses on measuring quality, examining a proposed analytical framework, practice in England, the international perspective, innovation and measurement in England and a new model of quality measurement in planning. Appendices cover the quality tools and the policy framework content in the case study authorities. Notes and bibliography.
690 ## - LOCAL SUBJECT ADDED ENTRY--TOPICAL TERM (OCLC, RLIN)
Topical term or geographic name as entry element Planning and development
9 (RLIN) 6259
700 ## - ADDED ENTRY--PERSONAL NAME
Personal name Sieh, Louie
942 ## - ADDED ENTRY ELEMENTS (KOHA)
Suppress in OPAC 0
Holdings
Withdrawn status Lost status Source of classification or shelving scheme Damaged status Not for loan Home library Current library Shelving location Date acquired Cost, normal purchase price Total Checkouts Full call number Barcode Date last seen Date last checked out Copy number Cost, replacement price Price effective from Koha item type
    Dewey Decimal Classification     London London Books 17/06/2005 31.87 4 711.1 CAR 30069898 06/08/2019 09/12/2008 1 31.87 06/08/2019 Book